[Event "ch-FRA Blitz Online Qual"]
[Site "Europe-Chess INT"]
[Date "2020.05.16"]
[Round "15"]
[White "Antao, Amory"]
[Black "Le Goff, Damien"]
[Result "1-0"]
[BlackTitle "FM"]
[WhiteElo "2099"]
[BlackElo "2281"]
[WhiteFideId "36049700"]
[BlackFideId "634808"]
[EventDate "2020.05.16"]

1. Nc3 a6 2. e4 b5 3. f4 Bb7 4. d3 e6 5. Nf3 c5 6. g4 Nc6 7. Bg2 Nge7 8. Be3 d5
9. Bxc5 Ng6 10. Bxf8 Nxf4 11. Bxg7 Nxg2+ 12. Kf2 Rg8 13. Kxg2 Rxg7 14. h3 h5 15.
exd5 hxg4 16. hxg4 Ne7 17. dxe6 Rxg4+ 18. Kf2 Qb6+ 19. d4 O-O-O 20. Ne2 fxe6 21.
c3 Qc6 22. Rh3 Rf8 23. Ng1 Rfg8 24. Qf1 Nd5 25. Ne5 Rf4+ 26. Rf3 Qe8 27. Rxf4
Nxf4 28. Ke3 Ng2+ 29. Kd2 Rf8 30. Qe2 Nf4 31. Qg4 Kb8 32. Rf1 Ng2 33. Rxf8 Qxf8
34. Nd7+ 1-0

[Event "ch-FRA Blitz Online Qual"]
[Site "Europe-Chess INT"]
[Date "2020.05.16"]
[Round "15"]
[White "Choukri, Adel"]
[Black "Emmenecker, Philippe"]
[Result "1-0"]
[WhiteTitle "FM"]
[WhiteElo "2311"]
[BlackElo "2100"]
[WhiteFideId "9000399"]
[BlackFideId "616273"]
[EventDate "2020.05.16"]

1. e4 e5 2. Nf3 Nc6 3. Bb5 Bc5 4. O-O Nd4 5. Nxd4 Bxd4 6. c3 Bb6 7. d4 c6 8. Bc4
d6 9. a4 a5 10. Qb3 exd4 11. Bxf7+ Kf8 12. Bxg8 Rxg8 13. cxd4 Bxd4 14. Be3 Bf6
15. Nc3 Qe7 16. Rad1 Be6 17. Qa3 Rd8 18. Rxd6 Rxd6 19. Bc5 Be5 20. f4 Bd4+ 21.
Kh1 Bxc5 22. Qxc5 Rd2 23. Qxa5 Rxb2 24. Rd1 Kf7 25. f5 Bc4 26. e5 b6 27. e6+ Kf6
28. Ne4# 1-0

[Event "ch-FRA Blitz Online Qual"]
[Site "Europe-Chess INT"]
[Date "2020.05.16"]
[Round "15"]
[White "Guezennec, Franck"]
[Black "Alvin, Leo"]
[Result "1-0"]
[WhiteElo "2272"]
[BlackElo "2025"]
[WhiteFideId "633550"]
[BlackFideId "695645"]
[EventDate "2020.05.16"]

1. e4 c5 2. Nf3 g6 3. d4 cxd4 4. Nxd4 Nc6 5. Be2 Bg7 6. Nb3 Nf6 7. Nc3 O-O 8.
O-O d6 9. Re1 b6 10. Bf1 Bb7 11. Bg5 h6 12. Bh4 Rc8 13. f4 e5 14. f5 g5 15. Bf2
a6 16. a4 Nb4 17. h4 d5 18. hxg5 hxg5 19. Qd2 Nxe4 20. Nxe4 dxe4 21. Qxb4 Rxc2
22. Bxb6 Qf6 23. Rac1 Rxb2 24. Re2 Rxe2 25. Bxe2 Qxf5 26. Bc5 Qd7 27. Rd1 Qc6
28. Na5 Qc7 29. Nxb7 Rb8 30. Bxa6 Rc8 31. Be3 Qc2 32. Qd2 Qc6 33. Rc1 Qe8 34.
Rxc8 Qxc8 35. Nc5 Bf8 36. Bxc8 1-0

[Event "ch-FRA Blitz Online Qual"]
[Site "Europe-Chess INT"]
[Date "2020.05.16"]
[Round "15"]
[White "Kuhn, Clement"]
[Black "Muminova, Nafisa"]
[Result "0-1"]
[WhiteTitle "CM"]
[BlackTitle "WGM"]
[WhiteElo "2150"]
[BlackElo "2274"]
[WhiteFideId "36099775"]
[BlackFideId "14201526"]
[EventDate "2020.05.16"]

1. e4 e6 2. d4 d5 3. Nc3 Nf6 4. e5 Nfd7 5. f4 c5 6. Nf3 Nc6 7. Be3 Qb6 8. Na4
Qa5+ 9. c3 b6 10. Kf2 Ba6 11. Bxa6 Qxa6 12. Rf1 Be7 13. Kg1 O-O 14. g4 f6 15. b3
fxe5 16. fxe5 Qc8 17. Nb2 Qe8 18. Nd3 Qg6 19. h3 Qe4 20. Qe2 cxd4 21. cxd4 Rxf3
22. Qxf3 Qxd3 23. Rad1 Qe4 24. Qxe4 dxe4 25. d5 exd5 26. Rxd5 Ndxe5 27. Bf4 Bc5+
28. Kg2 Nd3 29. Bd6 Ncb4 30. Rxc5 bxc5 31. Rf5 g6 32. Rf1 Nd5 33. Kg3 Rd8 34.
Bxc5 Nxc5 35. Rc1 Nd3 36. Rd1 Ne3 37. Rg1 Rf8 38. h4 Rf3+ 39. Kh2 Nf4 40. Rc1
Nxg4+ 41. Kg1 Rg3+ 42. Kh1 Nf2+ 43. Kh2 Rg2# 0-1

[Event "ch-FRA Blitz Online Qual"]
[Site "Europe-Chess INT"]
[Date "2020.05.16"]
[Round "15"]
[White "Louistisserand, Patrick"]
[Black "Zienkiewicz, Jan"]
[Result "0-1"]
[WhiteTitle "FM"]
[WhiteElo "2245"]
[BlackElo "1914"]
[WhiteFideId "635049"]
[BlackFideId "45116768"]
[EventDate "2020.05.16"]

1. d4 Nf6 2. c4 c5 3. d5 b5 4. cxb5 a6 5. bxa6 Bxa6 6. Nc3 d6 7. Nf3 g6 8. g3
Bg7 9. Bg2 O-O 10. O-O Nbd7 11. Rb1 Nb6 12. b3 Ra7 13. Ne1 Qa8 14. Nc2 Bb7 15.
Ne3 Rb8 16. a4 Ba6 17. h3 Nbd7 18. Bd2 Rab7 19. Qc2 Ne8 20. Rfe1 Nc7 21. Nc4
Bxc4 22. bxc4 Ne5 23. Nb5 Nxb5 24. axb5 Ra7 25. f4 Ra2 26. Qc1 Nxc4 27. Qxc4
Rxd2 28. b6 Rd4 29. Qb5 Qa3 30. Kh2 Ra4 31. Qd7 Bd4 32. Qxe7 Bf2 33. Bf3 Bxe1
34. Qxd6 Re8 35. Rxe1 Qxf3 36. exf3 Ra2+ 37. Re2 Rexe2+ 38. Kg1 Re1# 0-1

[Event "ch-FRA Blitz Online Qual"]
[Site "Europe-Chess INT"]
[Date "2020.05.16"]
[Round "15"]
[White "Emmenecker, Pierre-Antoine"]
[Black "Boyer, Mahel"]
[Result "0-1"]
[BlackTitle "FM"]
[WhiteElo "2172"]
[BlackElo "2294"]
[WhiteFideId "36031321"]
[BlackFideId "45102422"]
[EventDate "2020.05.16"]

1. d4 Nf6 2. Nf3 e6 3. e3 d5 4. Bd3 Bd6 5. O-O O-O 6. b3 c5 7. Bb2 Nc6 8. Nbd2
Qe7 9. a3 e5 10. dxe5 Nxe5 11. Nxe5 Bxe5 12. Bxe5 Qxe5 13. Nf3 Qe7 14. h3 b6 15.
c4 Bb7 16. cxd5 Bxd5 17. Bc2 Rfd8 18. Qe2 Rac8 19. Rfd1 Ne4 20. Bxe4 Qxe4 21.
Rab1 h6 22. Rd3 Bb7 23. Rbd1 Rxd3 24. Qxd3 a5 25. Qxe4 Bxe4 26. Ne5 f6 27. Nc4
Bc2 28. Rc1 Bxb3 29. Nxb6 Rc6 30. Nc4 a4 31. Kf1 Kf7 32. Ke2 Ke6 33. Na5 Rc7 34.
Rc3 c4 35. e4 Ke5 36. Ke3 g5 37. g3 Ke6 38. f4 gxf4+ 39. gxf4 f5 40. e5 Kd5 41.
Rc1 Kc5 42. Nxb3+ axb3 43. e6 Rc6 44. Kd2 Rxe6 45. Kc3 Re3+ 46. Kb2 Rxh3 47. Rg1
Rh2+ 48. Kb1 c3 49. Rg8 Rh1+ 0-1

[Event "ch-FRA Blitz Online Qual"]
[Site "Europe-Chess INT"]
[Date "2020.05.16"]
[Round "15"]
[White "Lauron, Wesley"]
[Black "Hejazipour, Mitra"]
[Result "1-0"]
[BlackTitle "WGM"]
[WhiteElo "1878"]
[BlackElo "2300"]
[WhiteFideId "36012769"]
[BlackFideId "12505951"]
[EventDate "2020.05.16"]

1. e4 c5 2. Nf3 d6 3. d4 cxd4 4. Nxd4 Nf6 5. Nc3 a6 6. Be2 e5 7. Nb3 Be7 8. g4
h6 9. h4 b5 10. f3 Bb7 11. Be3 Nbd7 12. Qd2 b4 13. Nd1 a5 14. Nf2 Qc7 15. Rg1
Rc8 16. Bd3 Nc5 17. Nxc5 dxc5 18. Bb5+ Bc6 19. Bxc6+ Qxc6 20. g5 hxg5 21. hxg5
Nd7 22. g6 fxg6 23. O-O-O c4 24. Qd5 a4 25. Ng4 Rh5 26. Qg8+ Bf8 27. Rd5 a3 28.
Rgd1 axb2+ 29. Kb1 Rc7 30. Rd6 Qa4 31. Re6+ Kd8 32. Qxf8# 1-0

[Event "ch-FRA Blitz Online Qual"]
[Site "Europe-Chess INT"]
[Date "2020.05.16"]
[Round "15"]
[White "Song, Julien"]
[Black "Guillemart, Serge"]
[Result "1-0"]
[WhiteTitle "IM"]
[WhiteElo "2306"]
[BlackElo "2107"]
[WhiteFideId "659487"]
[BlackFideId "26015579"]
[EventDate "2020.05.16"]

1. Nf3 Nf6 2. c4 g6 3. Nc3 Bg7 4. e4 d6 5. d4 O-O 6. Be2 e5 7. O-O Nbd7 8. Re1
b6 9. h3 Bb7 10. d5 Nc5 11. Nd2 a5 12. b3 Nfd7 13. Rb1 f5 14. a3 f4 15. b4 axb4
16. axb4 Na6 17. Nb5 Nf6 18. Rb3 c5 19. dxc6 Bxc6 20. Nc3 Nc7 21. Nd5 Nfxd5 22.
exd5 Ba4 23. Ne4 Bxb3 24. Qxb3 Ne8 25. Bg4 Nf6 26. Be6+ Kh8 27. Ng5 Qe7 28. Bb2
h6 29. Nf3 g5 30. h4 g4 31. Nh2 h5 32. Nf1 Nh7 33. g3 Rf6 34. Bc1 f3 35. Qe3 Nf8
36. Qxb6 Nxe6 37. dxe6 Qxe6 38. Bg5 Rf7 39. Ne3 Bf6 40. c5 Bxg5 41. hxg5 Rd7 42.
c6 Rdd8 43. c7 Rdc8 44. Qc6 Ra7 45. Nd5 Qf7 46. Rc1 Ra2 47. Qxd6 Kg7 48. Qh6+
Kg8 49. Nf6+ 1-0

[Event "ch-FRA Blitz Online Qual"]
[Site "Europe-Chess INT"]
[Date "2020.05.16"]
[Round "15"]
[White "Razafindratsima, Timothe"]
[Black "Gherghinoiu, Lucas"]
[Result "1-0"]
[WhiteTitle "FM"]
[WhiteElo "2336"]
[BlackElo "2089"]
[WhiteFideId "36069884"]
[BlackFideId "36051462"]
[EventDate "2020.05.16"]

1. e4 c5 2. Nf3 e6 3. d4 cxd4 4. Nxd4 a6 5. c4 Nf6 6. Nc3 Qc7 7. f4 d6 8. Be2 b6
9. Qd3 Bb7 10. b4 Nbd7 11. a3 Be7 12. Be3 O-O 13. g4 d5 14. cxd5 exd5 15. Nf5
Rfe8 16. exd5 Bf8 17. Rc1 Qb8 18. g5 Nxd5 19. Nxd5 Bxd5 20. Qxd5 Rxe3 21. Nxe3
Ra7 22. O-O Qe8 23. Rf3 Kh8 24. Bd3 f6 25. Rh3 g6 26. f5 Ne5 27. fxg6 Nxg6 28.
Qf5 Kg8 29. Ng4 Bg7 30. gxf6 Bf8 31. f7+ Rxf7 32. Bc4 1-0

[Event "ch-FRA Blitz Online Qual"]
[Site "Europe-Chess INT"]
[Date "2020.05.16"]
[Round "15"]
[White "Bregnac, Tristan"]
[Black "Le Huec, Marc"]
[Result "0-1"]
[WhiteElo "2047"]
[BlackElo "2213"]
[WhiteFideId "36017825"]
[BlackFideId "624829"]
[EventDate "2020.05.16"]

1. e4 c5 2. Nf3 Nc6 3. d4 cxd4 4. Nxd4 e5 5. Nb5 d6 6. N1c3 a6 7. Na3 Be7 8. Nc4
b5 9. Ne3 Nf6 10. Bd3 O-O 11. O-O Be6 12. a4 b4 13. Ncd5 Bxd5 14. exd5 Nb8 15.
Nf5 Nbd7 16. Qf3 Re8 17. Bh6 g6 18. Nxe7+ Qxe7 19. Rae1 Nc5 20. Bg5 Kg7 21. Qh3
h5 22. Bc4 Qd7 23. Qf3 Nh7 24. Bd2 Nxa4 25. b3 Nb6 26. Be2 a5 27. Qe3 Nxd5 28.
Qh6+ Kg8 29. Bc4 Qb7 30. Rd1 Nf8 31. Bg5 Nf4 32. Rd5 Re6 33. Bxf4 exf4 34. Qxf4
Rae8 35. h3 Qc7 36. Rg5 Re5 37. Rg3 Qe7 38. Qh6 Qf6 39. Qd2 Qg7 40. Rd1 Kh7 41.
Qxd6 Ne6 42. Qd2 Nc5 43. Qf4 Ne4 44. Re3 Nc3 45. Rxe5 Rxe5 46. Rf1 Rf5 47. Qg3
Qd4 48. Qd3 Qxd3 49. Bxd3 Re5 50. Ra1 Kg7 51. Kh2 f5 52. Kg3 g5 53. Kh2 h4 54.
Bc4 Kf6 55. Rf1 f4 56. Ra1 Ke7 57. Rf1 Kd6 58. g3 fxg3+ 59. fxg3 Ne4 60. gxh4
gxh4 61. Rd1+ Kc5 62. Kg2 Rg5+ 63. Kf3 Nc3 64. Re1 Rg3+ 65. Kf4 Rxh3 66. Re5+
Kd4 67. Rh5 Rh2 68. Bd3 a4 69. bxa4 b3 70. cxb3 Kxd3 71. Kg4 Ne4 72. Rxh4 Rg2+
73. Kf5 Rf2+ 74. Ke5 Nc3 75. a5 Ra2 76. b4 Ra4 77. Rh3+ Kc4 78. Rh4+ Kb3 79. Kd6
Na2 80. Kc7 Nxb4 81. Kb6 Nd5+ 82. Kb7 Rxh4 83. a6 Rh6 84. a7 Nb6 85. Kb8 Kb4 86.
Kb7 Kb5 87. Kb8 Ka6 88. Kc7 Kxa7 89. Kd8 Rh7 90. Ke8 Kb7 91. Kf8 Rc7 92. Kg8 Kc6
93. Kf8 Kd6 94. Kg8 Ke6 95. Kf8 Rb7 96. Ke8 Rb8# 0-1

[Event "ch-FRA Blitz Online Qual"]
[Site "Europe-Chess INT"]
[Date "2020.05.16"]
[Round "15"]
[White "Navrotescu, Andreea-Cristiana"]
[Black "Weisman, Nathan"]
[Result "1/2-1/2"]
[WhiteTitle "WIM"]
[WhiteElo "2284"]
[BlackElo "2186"]
[WhiteFideId "675946"]
[BlackFideId "36060895"]
[EventDate "2020.05.16"]

1. d4 d5 2. c4 e6 3. Nc3 Bb4 4. Nf3 c5 5. cxd5 exd5 6. g3 Nf6 7. Bg2 O-O 8. O-O
h6 9. dxc5 Nc6 10. e3 Bxc5 11. h3 Re8 12. Ne2 Bf5 13. a3 a6 14. b4 Ba7 15. Bb2
Ne4 16. Ned4 Bh7 17. Rc1 Rc8 18. Nxc6 bxc6 19. Bd4 Bb8 20. Qe2 a5 21. Qa6 axb4
22. axb4 Qd6 23. Rfd1 Qxb4 24. Rxc6 Rcd8 25. Rb6 Qe7 26. Rb7 Qd6 27. Qxd6 Bxd6
28. Bb6 Rb8 29. Rxb8 Rxb8 30. Ba7 Ra8 31. Bb6 Nf6 32. Bd4 Ne4 33. Ra1 Rxa1+ 34.
Bxa1 Bf5 35. g4 Bd7 36. Ne5 Be6 37. Nd3 Nc5 38. Nb4 Nb3 39. Bc3 d4 40. exd4 Nxd4
41. Bxd4 Bxb4 42. f4 f5 43. Bf3 Bd6 44. Be3 fxg4 45. hxg4 g5 46. fxg5 hxg5 47.
Bxg5 Kf7 48. Kf2 Kg6 49. Be3 Be5 50. Be4+ Kg7 51. g5 Bf6 52. gxf6+ Kxf6 53. Kf3
Bf5 54. Bd5 Be6 55. Bd4+ Ke7 56. Be4 Bd7 57. Kf4 Be6 58. Ke5 Bd7 59. Bc5+ Kf7
60. Bd5+ Kg6 61. Be4+ Kg5 62. Be3+ Kg4 63. Bd5 Bc8 64. Kd6 Bf5 65. Ke7 Bc2 66.
Kf6 Bd3 67. Be6+ Kf3 68. Bg5 Be4 69. Ke5 Bc2 70. Bd5+ Kg4 71. Bd2 Bd3 72. Kd4
Bb1 73. Ke3 Kf5 74. Bg8 Kg6 75. Kf4 Bf5 76. Bc3 Bd7 77. Bd5 Bb5 78. Ke5 Kg5 79.
Bd2+ Kg6 80. Be4+ Kf7 81. Kd6 Bc4 82. Bc3 Ba2 83. Bf5 Bb3 84. Ke5 Ba2 85. Bc2
Ke7 86. Bb4+ Kd7 87. Ba4+ Kc7 88. Kd4 Bf7 89. Bc5 Kb7 90. Ke5 Kc7 91. Kf6 Ba2
92. Ke7 Bb1 93. Bd4 Ba2 94. Bb5 Bb3 95. Bd3 Ba2 96. Be5+ Kb6 97. Kd6 Bb3 98.
Bd4+ Kb7 99. Be4+ Ka6 100. Kc6 Ba4+ 101. Kc5 Bb3 102. Bc6 Ka5 1/2-1/2

[Event "ch-FRA Blitz Online Qual"]
[Site "Europe-Chess INT"]
[Date "2020.05.16"]
[Round "15"]
[White "Zienkiewicz, Alexandre"]
[Black "Pucher, Sebastien"]
[Result "1/2-1/2"]
[BlackTitle "FM"]
[WhiteElo "2049"]
[BlackElo "2322"]
[WhiteFideId "20610327"]
[BlackFideId "627232"]
[EventDate "2020.05.16"]

1. Nf3 g6 2. g3 Bg7 3. Bg2 e5 4. e4 Ne7 5. d4 exd4 6. Nxd4 O-O 7. Nc3 Nbc6 8.
Be3 d6 9. Qd2 Nxd4 10. Bxd4 Bxd4 11. Qxd4 Nc6 12. Qd2 Be6 13. h4 h5 14. O-O-O a6
15. f4 Bg4 16. Rdf1 f5 17. exf5 Bxf5 18. Bd5+ Kh7 19. Re1 Qf6 20. Re2 Rae8 21.
Rhe1 Qd8 22. Bxc6 bxc6 23. Qd4 Rxe2 24. Rxe2 Re8 25. Rxe8 Qxe8 26. b3 Qe1+ 27.
Kb2 Qxg3 28. Qf6 Qxf4 29. Qf7+ Kh8 30. Qf8+ Kh7 31. Qf7+ Kh8 32. Qf8+ Kh7 33.
Qf7+ 1/2-1/2

[Event "ch-FRA Blitz Online Qual"]
[Site "Europe-Chess INT"]
[Date "2020.05.16"]
[Round "15"]
[White "Lamaze, Simon"]
[Black "Degardin, Sylvain"]
[Result "0-1"]
[WhiteTitle "CM"]
[WhiteElo "2185"]
[BlackElo "2267"]
[WhiteFideId "36069264"]
[BlackFideId "20623070"]
[EventDate "2020.05.16"]

1. d4 Nf6 2. Nf3 g6 3. g3 Bg7 4. Bg2 O-O 5. O-O d5 6. c4 c6 7. cxd5 cxd5 8. Nc3
Ne4 9. Ne5 Nxc3 10. bxc3 Nd7 11. f4 Nb6 12. Ba3 f6 13. Nd3 Nc4 14. Qb3 Ne3 15.
Rfe1 Nxg2 16. Kxg2 b6 17. e4 Ba6 18. exd5 Bxd3 19. d6+ e6 20. Rxe6 Kh8 21. Rae1
b5 22. Re7 Bc4 23. Qb4 Rg8 24. Qc5 Qa5 25. Qb4 Qa6 26. Rc7 Bf8 27. Qc5 Rg7 28.
Rxg7 Kxg7 29. Qc7+ Kg8 30. Re7 Bxe7 31. dxe7 Qxa3 32. Qd8+ Kg7 33. e8=Q Rxd8 34.
Qxd8 Qb2+ 35. Kh3 Bf1+ 36. Kg4 Qe2+ 37. Kh4 Qh5# 0-1

[Event "ch-FRA Blitz Online Qual"]
[Site "Europe-Chess INT"]
[Date "2020.05.16"]
[Round "15"]
[White "Maisuradze, Nino"]
[Black "Iglesias, Christophe"]
[Result "0-1"]
[WhiteTitle "WGM"]
[WhiteElo "2214"]
[BlackElo "1815"]
[WhiteFideId "13601717"]
[BlackFideId "551007584"]
[EventDate "2020.05.16"]

1. d4 d5 2. c4 c6 3. Nc3 Nf6 4. cxd5 cxd5 5. Bf4 Nc6 6. e3 Bf5 7. Qb3 Na5 8.
Qa4+ Bd7 9. Qc2 e6 10. Bd3 Nc6 11. a3 Be7 12. h3 O-O 13. Nf3 Rc8 14. O-O Na5 15.
Ne5 h6 16. Qe2 a6 17. Rac1 b5 18. e4 Nb3 19. Rcd1 Nxd4 20. Qe3 Bc5 21. Qd2 Be8
22. exd5 Nxd5 23. Nxd5 Qxd5 24. Rfe1 f5 25. b4 Bb6 26. Bb1 Bh5 27. g4 fxg4 28.
hxg4 Nf3+ 29. Nxf3 Qxf3 30. Be3 Qxg4+ 31. Kh2 Qh4+ 32. Kg1 Bf3 0-1

[Event "ch-FRA Blitz Online Qual"]
[Site "Europe-Chess INT"]
[Date "2020.05.16"]
[Round "15"]
[White "Brunner, Nicolas"]
[Black "Ciccoli, Theo"]
[Result "1-0"]
[WhiteTitle "IM"]
[WhiteElo "2428"]
[BlackElo "2178"]
[WhiteFideId "620246"]
[BlackFideId "26053780"]
[EventDate "2020.05.16"]

1. d4 Nf6 2. c4 c5 3. d5 b5 4. cxb5 a6 5. bxa6 g6 6. Nc3 Bxa6 7. e4 Bxf1 8. Kxf1
d6 9. g3 Bg7 10. Kg2 O-O 11. Nf3 Nbd7 12. a4 Ra6 13. Qc2 Ng4 14. h3 Nge5 15. Nd2
Qa5 16. f4 c4 17. fxe5 Nxe5 18. Nb5 Rc8 19. Nb1 Nd3 20. N1c3 Qb6 21. Rf1 Be5 22.
Bf4 Bf6 23. Qd2 Nc5 24. Be3 Qb7 25. Qe2 Nd3 26. Rab1 Raa8 27. Bd4 Ne5 28. Ra1
Ra5 29. g4 h6 30. Rf2 Kg7 31. Raf1 Raa8 32. h4 g5 33. hxg5 hxg5 34. Rh1 Rh8 35.
Rff1 Qd7 36. Kg3 Rab8 37. Nd1 c3 38. bxc3 Rbc8 39. Ne3 Kg6 40. Nf5 Rcg8 41. Rh5
Rxh5 42. gxh5+ Kh7 43. a5 Ra8 44. Ra1 Qc8 45. Bb6 Ra6 46. Ra3 g4 47. Nbd4 Kg8
48. Nc6 Nxc6 49. dxc6 Be5+ 50. Kxg4 Qd7 51. cxd7 1-0

[Event "ch-FRA Blitz Online Qual"]
[Site "Europe-Chess INT"]
[Date "2020.05.16"]
[Round "15"]
[White "Debray, Christopher"]
[Black "Firouzja, Mohammadreza"]
[Result "1/2-1/2"]
[WhiteTitle "IM"]
[WhiteElo "2376"]
[BlackElo "2135"]
[WhiteFideId "630810"]
[BlackFideId "12573990"]
[EventDate "2020.05.16"]

1. e4 e6 2. d4 d5 3. Nc3 Bb4 4. Ne2 dxe4 5. a3 Bxc3+ 6. Nxc3 Nc6 7. d5 exd5 8.
Qxd5 Be6 9. Qxe4 Nf6 10. Qh4 Bf5 11. Bb5 O-O 12. Bxc6 bxc6 13. O-O Bxc2 14. Bg5
h6 15. Bxf6 Qxf6 16. Qxf6 gxf6 17. Rac1 Bb3 18. Ne4 Kg7 19. Rc3 f5 20. Ng3 Be6
21. Rxc6 Rfb8 22. b4 a5 23. Rxc7 axb4 24. axb4 Rxb4 25. Rfc1 Ra2 26. R7c2 Rxc2
27. Rxc2 Rb1+ 28. Nf1 Bb3 29. Rc3 Ba4 30. f4 Bd1 31. Kf2 Rb2+ 32. Kg3 Bb3 33.
Ne3 Be6 34. Kf3 Kf6 35. h3 h5 36. g3 Rh2 37. h4 Ra2 38. Rd3 Rb2 39. Nd5+ Kg6 40.
Ke3 Kg7 41. Kd4 Re2 42. Ne3 Kf6 43. Rc3 Re1 44. Nd5+ Kg7 45. Nc7 Re4+ 46. Kc5
Kf6 47. Kd6 Re1 48. Ne8+ Kg6 49. Nc7 Kf6 50. Rd3 Ra1 51. Ne8+ Kg6 52. Nc7 Kf6
53. Re3 Rd1+ 54. Kc6 Rc1+ 55. Kb6 Rb1+ 56. Ka5 Ra1+ 57. Kb4 Rb1+ 58. Ka3 Ra1+
59. Kb2 Ra2+ 60. Kc1 Rg2 61. Kd1 Ra2 62. Ke1 Ke7 63. Nxe6 fxe6 64. Re2 Ra1+ 65.
Kf2 Ra3 66. Rb2 Kf6 67. Re2 Rb3 68. Re3 Rb2+ 69. Kf3 Rb1 70. Rc3 Rf1+ 71. Kg2
Ra1 72. Rc8 Ra2+ 73. Kh3 Ra3 74. Rg8 Ra7 75. Rg5 Rh7 76. Kg2 e5 77. Kf3 e4+ 78.
Ke3 Rg7 79. Kd4 Rd7+ 80. Kc5 Rd3 81. Kc4 Rf3 82. Kd4 Rd3+ 83. Kc4 Rd1 84. Rg8 e3
85. Re8 Re1 86. Kd3 Rd1+ 87. Ke2 Rg1 88. Rxe3 Rg2+ 89. Kf3 Ra2 90. Re8 Ra3+ 91.
Kg2 Ra2+ 92. Kh3 Ra7 93. Rg8 Rh7 94. Rg5 Rh8 95. Kg2 Rh7 96. Kf3 Rh8 97. Ke3 Rh7
98. Kd4 Rh8 99. Kd5 Rh7 100. Kd6 Rh8 101. Kd7 Rh7+ 102. Ke8 Rh8+ 103. Kd7 Rh7+
104. Kd6 Rh8 105. Kd5 Rd8+ 106. Kc6 Rh8 107. Kd6 1/2-1/2

[Event "ch-FRA Blitz Online Qual"]
[Site "Europe-Chess INT"]
[Date "2020.05.16"]
[Round "15"]
[White "Mekhane, Adam"]
[Black "Droin, Augustin"]
[Result "0-1"]
[BlackTitle "FM"]
[WhiteElo "2013"]
[BlackElo "2313"]
[WhiteFideId "36050601"]
[BlackFideId "45105987"]
[EventDate "2020.05.16"]

1. e4 c5 2. Nf3 Nc6 3. d4 cxd4 4. Nxd4 Nf6 5. Nc3 e5 6. Ndb5 d6 7. Bg5 a6 8. Na3
b5 9. Bxf6 Qxf6 10. Nd5 Qd8 11. c3 Be7 12. Nc2 Rb8 13. Be2 O-O 14. O-O Bg5 15.
Nce3 Be6 16. a4 bxa4 17. Qxa4 Rxb2 18. Qxc6 Rxe2 19. Rxa6 Bxe3 20. Nxe3 Qh4 21.
Qxd6 Qxe4 22. Ra5 Rxe3 23. fxe3 Qxe3+ 24. Kh1 Bc4 25. Rxe5 Qxc3 26. Rfe1 Be6 27.
Rf1 Qc4 28. Rfe1 h6 29. Qc5 Qa2 30. Qe3 Rc8 31. Rc5 Rb8 32. Qg3 Rd8 33. Rec1 Qd2
34. Qe1 Qd3 35. Qf1 Qe3 36. R5c2 Qg5 37. Re2 Rd4 38. Ra1 Kh7 39. Qb1+ Qg6 40.
Qxg6+ Kxg6 41. Rae1 Rd6 42. Kg1 h5 43. Re3 Bf5 44. R1e2 Kh6 45. Kf2 Rf6 46. Kg1
Bg4 47. Re1 Rd6 48. Rf1 f6 49. h3 Bd7 50. Rf2 g5 51. Ree2 Kg6 52. Rd2 Rxd2 53.
Rxd2 Bf5 54. Kf2 g4 55. Kg3 gxh3 56. gxh3 Kg5 57. h4+ Kg6 58. Kf4 Bb1 59. Rb2
Bd3 60. Rb3 Bf5 61. Rg3+ Bg4 62. Rg2 Kh6 63. Rc2 Kg6 64. Rc8 Bxc8 65. Kg3 Kf5
66. Kf3 Bb7+ 67. Kg3 Ke4 68. Kh3 f5 69. Kg3 f4+ 70. Kf2 f3 71. Kf1 Ke3 72. Ke1
f2+ 73. Kf1 Ba6+ 74. Kg2 f1=Q+ 75. Kg3 Qf2+ 76. Kh3 Bc8# 0-1

[Event "ch-FRA Blitz Online Qual"]
[Site "Europe-Chess INT"]
[Date "2020.05.16"]
[Round "15"]
[White "Szajbely, Zsigmond"]
[Black "Van Hoolandt, Patrick"]
[Result "1-0"]
[WhiteTitle "FM"]
[BlackTitle "FM"]
[WhiteElo "2260"]
[BlackElo "2063"]
[WhiteFideId "711691"]
[BlackFideId "200999"]
[EventDate "2020.05.16"]

1. e4 e5 2. Nf3 Nc6 3. Bb5 Nf6 4. O-O Nxe4 5. Re1 Nd6 6. Nxe5 Be7 7. Bf1 O-O 8.
d4 Nxe5 9. dxe5 Nf5 10. Nc3 d6 11. Bf4 dxe5 12. Bxe5 Bd6 13. Nb5 Bxe5 14. Qxd8
Bxh2+ 15. Kxh2 Rxd8 16. Nxc7 Rb8 17. Rad1 Bd7 18. Nb5 a6 19. Nc3 Bc6 20. Bd3 Nd4
21. Re3 Ne6 22. Rde1 g6 23. Bc4 Nc7 24. Bxf7+ Kxf7 25. Re7+ Kg8 26. Rxc7 Re8 27.
Rce7 Rxe7 28. Rxe7 Rd8 29. Kg3 Kf8 30. Re3 Rd2 31. Re2 Rd4 32. f3 Kf7 33. Kf2 b5
34. a3 a5 35. Ke3 Rd7 36. Rd2 Re7+ 37. Kf4 h6 38. Ne2 g5+ 39. Kg3 h5 40. Nd4 Be8
41. Nf5 Rc7 42. Nd6+ Kf8 43. Nxe8 Kxe8 44. Rd5 h4+ 45. Kh3 b4 46. Rxa5 bxa3 47.
bxa3 Rxc2 48. Rxg5 Rc4 49. Rg4 Rc1 50. Kxh4 Kf7 51. Rb4 Rc2 52. g4 Kf6 53. f4
Rh2+ 54. Kg3 Ra2 55. Rb6+ Kg7 56. Ra6 Kf7 57. Kh4 Kg7 58. Kg5 Kg8 59. Kg6 Kf8
60. g5 Rf2 61. f5 Rg2 62. f6 Ke8 63. f7+ Kf8 64. Ra8+ Ke7 65. f8=Q+ Ke6 66. Qf5+
Kd6 67. Ra6+ Kc7 68. Qf7+ Kb8 69. Rb6+ Kc8 70. Qb7+ Kd8 71. Qxg2 Kd7 72. Qc6+
Kd8 73. Rb8+ Ke7 74. Rb7+ Kf8 75. Qc8# 1-0

[Event "ch-FRA Blitz Online Qual"]
[Site "Europe-Chess INT"]
[Date "2020.05.16"]
[Round "15"]
[White "Grosse, Ludovic"]
[Black "Guadalpi, David"]
[Result "0-1"]
[BlackTitle "FM"]
[WhiteElo "1958"]
[BlackElo "2272"]
[WhiteFideId "26045842"]
[BlackFideId "603244"]
[EventDate "2020.05.16"]

1. d4 d5 2. Nf3 e6 3. Bf4 Bd6 4. Bg3 Ne7 5. e3 Nf5 6. Bd3 Nxg3 7. hxg3 h6 8. c4
dxc4 9. Bxc4 a6 10. Bd3 c5 11. dxc5 Bxc5 12. Qc2 Qe7 13. Ne5 Nd7 14. Ng4 f5 15.
Bxf5 exf5 16. Qxf5 Ne5 17. Qxe5 Bxg4 18. Qf4 Be6 19. Rh5 Qd6 20. Re5 O-O-O 21.
Nc3 Qd2+ 22. Kf1 Bd6 23. Ne4 Qd3+ 24. Kg1 Bxe5 25. Rc1+ Kb8 26. Qxe5+ Ka8 27.
Qxe6 Rhe8 28. Qb6 Qxe4 29. Rc7 Rc8 30. Rxg7 Qc6 31. Qb3 Rc7 32. Rg4 Qc1+ 33. Kh2
Rec8 34. Rh4 Qc6 35. Qd3 Rd7 36. Qf5 Rd6 37. Re4 Rcd8 38. Qh5 Rd5 39. Qh4 Rh5
40. Qxh5 Qxe4 41. Qxh6 Qf5 42. Qh3 Qxf2 43. g4 Re8 44. g5 Qxe3 45. Qxe3 Rxe3 46.
g4 Kb8 47. g6 Re5 48. Kg3 Rg5 49. Kf4 Rxg6 50. Kf5 Rg8 51. g5 Kc7 52. Kf6 Kc6
53. g6 Kc5 54. Kf7 Rc8 55. g7 Kc4 56. g8=Q Rxg8 57. Kxg8 Kd3 58. Kf7 Kc2 59. b4
Kc3 60. Ke7 Kxb4 61. Kd6 Ka3 62. Kc7 b5 63. Kb6 b4 64. Kxa6 Kxa2 0-1

[Event "ch-FRA Blitz Online Qual"]
[Site "Europe-Chess INT"]
[Date "2020.05.16"]
[Round "15"]
[White "Baudouin, Simon"]
[Black "Materia, Marco"]
[Result "0-1"]
[BlackTitle "FM"]
[WhiteElo "1926"]
[BlackElo "2269"]
[WhiteFideId "36051284"]
[BlackFideId "45150451"]
[EventDate "2020.05.16"]

1. c4 e6 2. g3 d5 3. d4 Nf6 4. Bg2 Be7 5. Nf3 O-O 6. O-O dxc4 7. Qc2 c6 8. a4 b6
9. Qxc4 Ba6 10. Qc2 Nbd7 11. Nc3 c5 12. Ne5 cxd4 13. Nxd7 Qxd7 14. Bxa8 Rxa8 15.
Nb5 Bxb5 16. axb5 Qxb5 17. Rd1 Bc5 18. Bd2 Qxe2 19. b4 d3 0-1